00944nam a2200277Ia 450000500170000000800270001702000150004410000330005924501200009225000170021230000260022950500450025565000400030065000280034065000220036870000400039074000460043094200150047626400260049133600270051733700330054433800280057704000350060508400110064099900150065120220317000305.0141031s9999 ck 000 0 spa d a997880823X1 aMelville, Herman,d1819-189110aBartleby, el escribiente ; Las encantadas cHerman Melville ; estudio introductorio y notas de Valeria Molina Rueda a1a edición a187 páginasc23 cm. aBartleby, el escibiente -- Las encantdas142LEMBaNovela juvenil estadounidense142LEMBaMarinerosvNovela142LEMBaMarvNovela aMolina Rueda, Valeria, intro913347 aBartleby, el escribiente \ Las encantadas 2loccBKLIT aQuito bLibresac2005 atextobtxt2rdacontent asin mediaciónbn2rdamedia avolumenbnc2rdacarrier aCO-BoRNBPbspaerdacCO-BoRNBP aN MEL1 c3635d3635